00942nam a2200217 i 450000100060000000300090000600500170001500700030003200800410003510000350007624502650011125000120037626000590038830000320044749000370047965000200051670000330053674001010056983000330067085200210070375836ES-MaACL20250801152639.0t|040928s1951 sp f |||| | spa d1 aMañá Alcoverro, Joaquín.10aGrave caso de conciencia en el matrimonio b: el método Ogino a la luz de la teología moral / cpor Joaquín Maña Alcoverro. Las fases de infecundidad periódica en la mujer para la aplicación del método Ogino-Knaus / por Eduardo Terrado Tintoré. a9ª ed. aBarcelona : bPontificia : bEugenio Subirana, c1951. a226 p., 7 lám. ; c19 cm.1 aAmor, matrimonio y familia ; v5 4aMétodo Ogino.1 aTerrades Tintoré, Eduardo.42aLas fases de infecundidad periódica en la mujer para la aplicación del método Ogino-Knaus.10aAmor, matrimonio, familiav54 aES-MaACLjD-5546